Giáo trình thực tập viễn thám I

Tài liệu cung cấp các thông tin giúp sinh viên có thể thực hiện được các thao tác trong thực hành viễn thám

Đã lưu trong:
書目詳細資料
主要作者: Võ, Quang Minh
格式: 圖書
語言:Undetermined
出版: Cần Thơ Trường Đại học Cần Thơ 2007
主題:
標簽: 添加標簽
沒有標簽, 成為第一個標記此記錄!
Thư viện lưu trữ: Trung tâm Học liệu Trường Đại học Cần Thơ
LEADER 00907nam a2200217Ia 4500
001 CTU_122890
008 210402s9999 xx 000 0 und d
082 |a 621.3678071 
082 |b M312 
100 |a Võ, Quang Minh 
245 0 |a Giáo trình thực tập viễn thám I 
245 0 |c Biên soạn: Võ Quang Minh, Huỳnh Thị Thu Hương, Phan Kiều Diễm 
260 |a Cần Thơ 
260 |b Trường Đại học Cần Thơ 
260 |c 2007 
520 |a Tài liệu cung cấp các thông tin giúp sinh viên có thể thực hiện được các thao tác trong thực hành viễn thám 
526 |a Viễn thám đại cương,GIS-Viễn tham ứng dụng 
526 |b NN288,MT657 
650 |a Aerial photography,Remote sensing 
904 |i Huỳnh Mai 
980 |a Trung tâm Học liệu Trường Đại học Cần Thơ